| 000 | 01984nam a2200181 i 4500 | ||
|---|---|---|---|
| 001 | 170831 | ||
| 003 | ES-MaACL | ||
| 005 | 20230906214454.0 | ||
| 008 | 090408s18981900sp |||| | spa d | ||
| 080 | _a94(460) | ||
| 110 | 2 |
_aReal Academia de la Historia (España) _96309 |
|
| 245 | 1 | 0 |
_aDiscursos leídos ante la Academia de la Historia, _f1898-1900 / _cReal Academia de la Historia. |
| 260 |
_aMadrid : _b[s.n.], _c1898 ( _fTip. de Viuda e Hijos de Tello) |
||
| 300 |
_a1 v. ; _c25 cm. |
||
| 505 | 8 | _aContiene: Las libertades de Aragón / Antonio Romero Ortiz (57 p.). Órdenes militares; Necrología de Feliciano Ramírez de Arellano, Marqués de la Fuensanta del Valle / Francisco R. de Uhagón (113 p.). Contestación / Manuel Danvila (p. 115-144). El Archivo Histórico Nacional; Necrología de D. Antonio Cánovas del Castillo / Vicente Vignau y Ballester (87 p.). Contestación / Antonio Rodríguez Villa (p. 89-99). Enlaces de reyes de Portugal con infantas de Aragón; Necrología de D. Mariano Téllez Girón, Duque de Osuna y del Infantado / Juan Jordán de Urríes (28 p.). Contestación / Antonio Sánchez Moguel (p. 29-39). Arqueología romana y visigótica en Extremadura; Apuntes biográficos de D. Vicente Barrantes y Moreno / Mariano Carlos Solano Gálvez de San Pelayo y Villalpando (62 p.). Contestación / Fidel Fita y Colomer (p. 63-85). La genealogía y la heráldica en la historia; Necrología de D. Celestino Pujol y Camps / Francisco Fernández de Béthencourt (61 p.). La discordia en los estados políticos; Necrología de D. Francisco Coello de Portugal y Quesada / Adolfo Carrasco y Sayz (45 p.). Contestación / Eduardo Saavedra y Moragas (p. 47-72). Liberación de París en 1590; Apuntes biográficos de D. Antonio María Fabié y Escuderao / Julián Suárez Inclán (47 p.). Contestación / José Gómez de Arteche (p. 48-64). | |
| 594 | _aEl discurso de Antonio Romero Ortiz es de 1881. | ||
| 852 |
_aES-MaACL _jK-127 _z- Enc. pasta española |
||
| 999 |
_c170831 _d170831 |
||